Loading...
| Fine Arts - Other | 0 | 7 | 1 | 3 | 65 | 57 | 110.29 | 1 | 4 | 11.99 | 32.95 |
| Literature - European | 0 | 7 | 1 | 0 | 65 | 90 | 107.43 | 0 | 0 | 12.94 | 28.26 |
| History - Other | 0 | 7 | 1 | 0 | 65 | 51 | 87.86 | 1 | 2 | 18.02 | 35.86 |
| Mythology | 0 | 6 | 0 | 0 | 60 | 47 | 73.67 | 0 | 5 | 25.45 | 35.88 |
| Science - Chemistry | 0 | 7 | 2 | 2 | 60 | 91 | 113.57 | 0 | 0 | 3.83 | 20.11 |
| Fine Arts - Classical Music | 0 | 7 | 2 | 0 | 60 | 60 | 102.00 | 0 | 5 | 14.00 | 39.29 |
| Religion | 0 | 7 | 2 | 1 | 60 | 73 | 103.43 | 0 | 3 | 11.13 | 29.06 |
| Literature - British | 0 | 7 | 3 | 0 | 55 | 83 | 98.29 | 0 | 3 | 16.28 | 32.29 |
| Literature - American | 0 | 5 | 0 | 0 | 50 | 32 | 85.80 | 2 | 3 | 18.30 | 29.92 |
| History - World | 0 | 5 | 1 | 1 | 45 | 38 | 86.00 | 0 | 2 | 13.62 | 23.38 |
| Science - Physics | 0 | 6 | 3 | 2 | 45 | 65 | 106.67 | 0 | 3 | 7.63 | 24.51 |
| Fine Arts - Visual | 0 | 6 | 3 | 0 | 45 | 85 | 99.67 | 1 | 3 | 14.23 | 34.85 |
| Philosophy | 0 | 4 | 1 | 0 | 35 | 91 | 109.50 | 1 | 2 | 4.52 | 24.24 |
| Literature - World/Other | 0 | 4 | 2 | 0 | 30 | 75 | 103.00 | 0 | 1 | 9.98 | 19.32 |
| History - American | 0 | 3 | 0 | 0 | 30 | 92 | 110.67 | 0 | 1 | 2.84 | 11.04 |
| History - European | 0 | 4 | 3 | 1 | 25 | 113 | 119.75 | 0 | 0 | 0.43 | 9.85 |
| Pop Culture | 0 | 2 | 0 | 2 | 20 | 119 | 125.50 | 0 | 0 | 3.53 | 13.69 |
| Science - Biology | 0 | 4 | 5 | 0 | 15 | 65 | 98.00 | 1 | 2 | 8.35 | 19.16 |
| Science - Other | 0 | 3 | 3 | 1 | 15 | 98 | 107.33 | 0 | 2 | 3.33 | 10.23 |
| Geography/Current Events | 0 | 2 | 2 | 0 | 10 | 74 | 82.50 | 0 | 2 | 11.73 | 25.00 |
| Social Science | 0 | 2 | 3 | 0 | 5 | 89 | 94.00 | 0 | 0 | 3.76 | 4.71 |
| Other Academic | 0 | 0 | 1 | 0 | -5 | 0.00 | 0 | 0 | 0.00 | 0.00 |